| 000 | 00774nam a2200253 i 4500 | ||
|---|---|---|---|
| 001 | bg | ||
| 100 | 1 | _aWYRWICKA, Magdalena Krystyna | |
| 245 | 1 | 0 |
_aEndogenne przesłanki organizacyjne rozwoju przedsiębiorstwa / _cMagdalena Krystyna Wyrwicka. |
| 260 |
_aPoznań : _bWydaw. PP, _c2003. |
||
| 300 |
_a171 s. : _bil. ; _c24 cm. |
||
| 490 | 1 |
_aRozprawy / Politechnika Poznańska, _x0551-6528 ; _vnr 374 |
|
| 500 | _aStreszcz. ang. | ||
| 504 | _aBibliogr. | ||
| 650 | 9 |
_aPrzedsiębiorstwo _xorganizacja |
|
| 650 | 9 | _aZarządzanie | |
| 830 | 0 |
_aRozprawy (Politechnika Poznańska) ; _vnr 374 |
|
| 020 | _a8371434065 | ||
| 040 | _cBPK | ||
| 041 | _apol | ||
| 080 | _a658.1/.5.01 | ||
| 920 | _a83-7143-406-5 | ||
| 942 | _cKS | ||
| 008 | s pl f |000 0 pol | ||
| 999 |
_c43639 _d43639 |
||
| 856 |
_uhttp://koha.tu.koszalin.pl/cgi-bin/koha/opac-detail.pl?biblionumber=43639 _yKatalog online BPK |
||